00826nam a2200253Ia 4500008004100000020001800041050001500059050001800074100002800092245003600120245004400156245005300200250001600253260001700269260002500286260000900311300001600320300002000336300001100356650001800367650004500385999001900430952012300449160303s9999 xx 000 0 und d a971-039-129-5 aFIL BF 38  b.A68 2007 c.3 aAquino, Miriam Grace B. aModule in general psychology :  bwhy do people behave the way they do? / cMiriam Grace B. Aquino, Cipriano R. Magnaye, Jr. a2nd Edition aMandaluyong: bNational Book Store, c2007 a178 pages : billustrations ; c22 cm. aPsychology -- x Study and teaching -- Aids and devices. c291117d291117 001040aSMCbSMCcFILd2011-02-14g295.00l0oFIL BF 38 .A68 2007 c.3pSMC05446r2016-03-03 00:00:00w2016-03-03yBK